Mapa da Ásia Central e do Sul - Statistics

Estatísticas Gerais
  • Esse quiz foi jogado 7 478 vezes
  • A pontuação média é 10 de 13
Respostas no mapa
Respostas codificadas por cores de uma escala verde-vermelha no mapa do quiz de acordo com a % correta abaixo.
 
Estatísticas das Respostas
Resposta % Correto
Índia
97%
Maldivas
91%
Sri Lanka
87%
Nepal
86%
Butão
85%
Bangladesh
84%
Cazaquistão
84%
Paquistão
80%
Afeganistão
76%
Tajiquistão
64%
Uzbequistão
61%
Quirguistão
60%
Turquemenistão
57%
Nenhum quiz correspondente encontrado
Distribuição das Pontuações
Porcentagem de Pessoas com Cada Pontuação
Percentil de Números Respondidos
Sua Pontuação Histórica
Você não jogou esse quiz